[Event "Grand Pacific op"]
[Site "Victoria CAN"]
[Date "2013.03.31"]
[Round "5.6"]
[White "Davies, Lucas"]
[Black "Daswani, Benedict"]
[Result "1-0"]
[WhiteElo "2233"]
[BlackElo "1983"]
[PlyCount "93"]
[GameId "2160767909372995"]
[EventDate "2013.03.29"]
[EventType "swiss"]
[EventRounds "6"]
[EventCountry "CAN"]

1. e4 d6 2. d4 Nf6 3. f3 g6 4. c4 c6 5. Nc3 Nbd7 6. Be3 Qa5 7. Qd2 a6 8. a3 c5 9. d5 Rb8 10. a4 Ne5 11. Qc1 Qb4 12. b3 Bg7 13. Bd2 Qa5 14. f4 Neg4 15. h3 Ne3 16. Nce2 Qb6 17. Bxe3 Nxe4 18. Rb1 Bf5 19. g4 Qb4+ 20. Kd1 Bd7 21. Bg2 Nf6 22. Bd2 Qb6 23. Bc3 O-O 24. Ng3 e5 25. f5 g5 26. Ne4 h6 27. Qxg5 Nh7 28. Qc1 Qd8 29. Ne2 b5 30. axb5 axb5 31. N2g3 bxc4 32. bxc4 Ba4+ 33. Ke2 Bb3 34. Bd2 Qd7 35. Nh5 Qa4 36. Nxg7 Bxc4+ 37. Kf2 Bd3 38. Rxb8 Rxb8 39. Nc3 Qd4+ 40. Be3 Qc4 41. Nh5 Rb3 42. Ne4 Qa4 43. Nef6+ Kh8 44. Nxh7 Qa2+ 45. Kg3 Rb1 46. N7f6 Rxc1 47. Bxh6 1-0

[Event "Grand Pacific op"]
[Site "Victoria CAN"]
[Date "2013.03.31"]
[Round "5.8"]
[White "Awatramani, Janak"]
[Black "Hui, Jeremy"]
[Result "1/2-1/2"]
[WhiteElo "2240"]
[BlackElo "1936"]
[PlyCount "60"]
[GameId "2160767909372996"]
[EventDate "2013.03.29"]
[EventType "swiss"]
[EventRounds "6"]
[EventCountry "CAN"]

1. d3 d5 2. g3 e5 3. Bg2 Nc6 4. Nc3 Nf6 5. Bg5 Be6 6. e4 d4 7. Nce2 Be7 8. h3 Nd7 9. Bd2 f6 10. f4 Nb6 11. Nf3 Qd7 12. g4 O-O-O 13. Qb1 h5 14. f5 Bf7 15. g5 g6 16. gxf6 Bxf6 17. fxg6 Bxg6 18. h4 Kb8 19. Bh3 Qd6 20. O-O Rhg8 21. Ng5 Rdf8 22. Ng3 Ne7 23. Qd1 Be8 24. Kh2 Bd7 25. Bxd7 Nxd7 26. Qe2 Ng6 27. Nf5 Qc6 28. Nh6 Rg7 29. Nf5 Rgg8 30. Nh6 Rg7 1/2-1/2

[Event "Grand Pacific op"]
[Site "Victoria CAN"]
[Date "2013.03.31"]
[Round "5.9"]
[White "Sanetullaev, Alisher"]
[Black "Kenney, David"]
[Result "1-0"]
[WhiteElo "2158"]
[BlackElo "1905"]
[PlyCount "71"]
[GameId "2160767909372997"]
[EventDate "2013.03.29"]
[EventType "swiss"]
[EventRounds "6"]
[EventCountry "CAN"]

1. e4 e5 2. Nf3 Nc6 3. c3 d5 4. Qa4 Bd7 5. exd5 Nd4 6. Qd1 Nxf3+ 7. Qxf3 Nf6 8. Bc4 Bd6 9. d3 O-O 10. Bg5 Be7 11. Nd2 Nxd5 12. Bxd5 Bxg5 13. Bxb7 Rb8 14. Nb3 Be7 15. Bd5 c5 16. O-O Rb6 17. Qe4 Rh6 18. Nd2 Kh8 19. Nc4 f6 20. Rfe1 Qc8 21. f4 Bf5 22. Qe2 Rd8 23. Ne3 Bd7 24. fxe5 fxe5 25. Nc4 Bg4 26. Bf3 Bxf3 27. Qxf3 Rf8 28. Qe4 Bh4 29. Re2 Bg5 30. Nxe5 Rh4 31. Qd5 Bf4 32. g3 Bxe5 33. gxh4 Qg4+ 34. Rg2 Qh5 35. Kh1 Qe8 36. Re1 1-0

[Event "Grand Pacific op"]
[Site "Victoria CAN"]
[Date "2013.03.31"]
[Round "5.10"]
[White "Landingin, Jofrei"]
[Black "Kostadinov, George"]
[Result "0-1"]
[WhiteElo "1856"]
[BlackElo "2136"]
[PlyCount "128"]
[GameId "2160767909372998"]
[EventDate "2013.03.29"]
[EventType "swiss"]
[EventRounds "6"]
[EventCountry "CAN"]

1. d4 c5 2. Nf3 d5 3. e3 Nf6 4. Bb5+ Bd7 5. Bxd7+ Nbxd7 6. O-O e6 7. c3 a6 8. Nbd2 Qc7 9. Re1 Bd6 10. h3 cxd4 11. exd4 O-O 12. a4 b5 13. axb5 axb5 14. Rxa8 Rxa8 15. Qb3 Rb8 16. Kf1 h6 17. Kg1 Nh5 18. Nf1 Nf4 19. Bxf4 Bxf4 20. Ra1 Bd6 21. N1d2 Nb6 22. g3 Nc4 23. Nxc4 bxc4 24. Qc2 g6 25. Kg2 Qb7 26. Ra2 Qb3 27. Qxb3 Rxb3 28. h4 Kg7 29. Kf1 Kf6 30. Ke2 Rb7 31. Nh2 h5 32. Nf1 g5 33. hxg5+ Kxg5 34. Ne3 f5 35. f4+ Bxf4 36. gxf4+ Kxf4 37. Nd1 Kg3 38. Ra1 Rg7 39. Ra6 Rg6 40. Ne3 f4 41. Nxd5 h4 42. Ne7 Rg5 43. Rxe6 h3 44. Kf1 h2 45. Rh6 Ra5 46. Rxh2 Ra1+ 47. Ke2 f3+ 48. Ke3 Re1+ 49. Kd2 Rxe7 50. Rh8 Re2+ 51. Kd1 Rxb2 52. Rg8+ Kf4 53. d5 Ke3 54. Re8+ Kd3 55. Ke1 f2+ 56. Kf1 Kxc3 57. d6 Rd2 58. Rd8 Kc2 59. d7 c3 60. Rf8 Rxd7 61. Rxf2+ Kd1 62. Kg1 c2 63. Rf1+ Kd2 64. Rf2+ Kc3 0-1

[Event "Grand Pacific op"]
[Site "Victoria CAN"]
[Date "2013.04.01"]
[Round "6"]
[White "Day, Lawrence"]
[Black "Pechisker, Alfred"]
[Result "0-1"]
[WhiteElo "2225"]
[BlackElo "2182"]
[PlyCount "96"]
[GameId "2160767909372999"]
[EventDate "2013.03.29"]
[EventType "swiss"]
[EventRounds "6"]
[EventCountry "CAN"]
[SourceTitle "CBM 153 Extra"]
[Source "ChessBase"]
[SourceDate "2013.04.22"]
[SourceVersion "1"]
[SourceVersionDate "2013.04.22"]
[SourceQuality "1"]

1. g3 d5 2. Nf3 c5 3. Bg2 Nc6 4. O-O e5 5. d3 f6 6. e4 d4 7. Nh4 Be6 8. f4 Qd7 9. Nd2 O-O-O 10. a3 Nge7 11. b4 cxb4 12. axb4 b5 13. Ndf3 h6 14. fxe5 fxe5 15. Bd2 g6 16. Ra3 Bg7 17. Qa1 Kb8 18. c4 dxc3 19. Bxc3 Nd4 20. Nxd4 exd4 21. Bd2 g5 22. Nf5 Be5 23. Ra5 Rh7 24. Rc1 Rc8 25. Rc5 Rxc5 26. bxc5 Nxf5 27. exf5 Bd5 28. Bxd5 Qxd5 29. Rxb5+ Rb7 30. Qa5 Bc7 31. Qb4 Be5 32. Kf2 Kc8 33. Rxb7 Qh1 34. Ke2 Qxh2+ 35. Kd1 Qh1+ 36. Kc2 Qxb7 37. Qxb7+ Kxb7 38. Kb3 Kc6 39. Kc4 Bf6 40. g4 Be5 41. Bc1 a5 42. Bb2 a4 43. Bxd4 Bxd4 44. Kxd4 a3 45. Kc3 Kxc5 46. Kb3 Kd6 47. Kxa3 h5 48. gxh5 Ke7 0-1

[Event "Grand Pacific op"]
[Site "Victoria CAN"]
[Date "2013.04.01"]
[Round "6.1"]
[White "Villavieja, Butch"]
[Black "Yoos, John"]
[Result "0-1"]
[WhiteElo "2294"]
[BlackElo "2355"]
[PlyCount "102"]
[GameId "2160767909373000"]
[EventDate "2013.03.29"]
[EventType "swiss"]
[EventRounds "6"]
[EventCountry "CAN"]

1. e4 g6 2. d4 Bg7 3. Nc3 d6 4. Be3 a6 5. Qd2 b5 6. a4 b4 7. Nd5 a5 8. f3 c6 9. Nf4 Ba6 10. Ngh3 Bxf1 11. Rxf1 Nd7 12. Kf2 Ngf6 13. Kg1 O-O 14. Nd3 Qc7 15. Qf2 Rac8 16. Rad1 c5 17. dxc5 dxc5 18. Kh1 c4 19. Ndf4 Nc5 20. Ra1 e6 21. Qh4 Rfd8 22. Ne2 e5 23. Bg5 Rd6 24. Ng3 h5 25. f4 Nh7 26. fxe5 Bxe5 27. Bf4 Bxf4 28. Rxf4 Ne6 29. Rf2 Qd8 30. Qxd8+ Rcxd8 31. Raf1 R8d7 32. e5 Rd5 33. Re1 Rd1 34. Ref1 Rxf1+ 35. Nxf1 Rd1 36. Kg1 Re1 37. Nf4 Nc5 38. e6 fxe6 39. Nxg6 Nxa4 40. Ne7+ Kg7 41. Nc6 Nxb2 42. Nxa5 Nf6 43. Nc6 Nd1 44. Rf3 Nd5 45. Nd4 c3 46. h4 N1e3 47. Nxe6+ Kh6 48. Nd4 Rd1 49. Nb3 Nxc2 50. Kh2 Ne1 51. Nd4 Rxd4 0-1

[Event "Grand Pacific op"]
[Site "Victoria CAN"]
[Date "2013.04.01"]
[Round "6.2"]
[White "Rohonyan, Katerina"]
[Black "Davies, Lucas"]
[Result "1/2-1/2"]
[WhiteElo "2347"]
[BlackElo "2233"]
[PlyCount "86"]
[GameId "2160767909373001"]
[EventDate "2013.03.29"]
[EventType "swiss"]
[EventRounds "6"]
[EventCountry "CAN"]

1. c4 e5 2. Nc3 Nc6 3. g3 g6 4. Bg2 Bg7 5. Nf3 d6 6. O-O Be6 7. d3 h6 8. Rb1 f5 9. Nd5 Qd7 10. b4 Nce7 11. Nd2 c6 12. Nxe7 Nxe7 13. b5 c5 14. f4 O-O 15. Bb2 Rad8 16. Qc2 g5 17. Nf3 gxf4 18. gxf4 Ng6 19. fxe5 dxe5 20. Kh1 Qc7 21. Rg1 Kh7 22. e3 f4 23. Qe2 Bf5 24. Rbd1 Rd7 25. Ne1 Qd6 26. Bd5 fxe3 27. Qxe3 Nf4 28. Be4 Qf6 29. Ng2 Bxe4 30. Qxe4+ Qf5 31. Qxf5+ Rxf5 32. Nxf4 exf4 33. Bxg7 Rxg7 34. d4 cxd4 35. Rxd4 Re7 36. a4 f3 37. Rf1 Kg6 38. c5 Rxc5 39. Rxf3 Rg5 40. h4 Rge5 41. Kg2 Re4 42. Rf4 Rxd4 43. Rxd4 Kh5 1/2-1/2

[Event "Grand Pacific op"]
[Site "Victoria CAN"]
[Date "2013.04.01"]
[Round "6.4"]
[White "Sohal, Tanraj"]
[Black "Gluckie, Jamin"]
[Result "1-0"]
[WhiteElo "2240"]
[BlackElo "2200"]
[PlyCount "55"]
[GameId "2160767909373002"]
[EventDate "2013.03.29"]
[EventType "swiss"]
[EventRounds "6"]
[EventCountry "CAN"]

1. d4 Nf6 2. c4 g6 3. Nc3 Bg7 4. e4 d6 5. Nf3 O-O 6. Be2 e5 7. O-O Nc6 8. d5 Ne7 9. Ne1 Ne8 10. Nd3 f5 11. Bd2 Nf6 12. f3 f4 13. c5 g5 14. Rc1 Ng6 15. Nb5 Rf7 16. Ba5 b6 17. cxd6 cxd6 18. Bb4 Bf8 19. Be1 h5 20. Nb4 Nh7 21. Nc6 Qf6 22. Ncxa7 Bd7 23. Nc6 Rc8 24. Nc3 g4 25. fxg4 Rg7 26. Na4 Nh4 27. Bxh4 Qxh4 28. Qe1 1-0

[Event "Grand Pacific op"]
[Site "Victoria CAN"]
[Date "2013.04.01"]
[Round "6.5"]
[White "Wu, Howard"]
[Black "Herdin, Matthew"]
[Result "1/2-1/2"]
[WhiteElo "2259"]
[BlackElo "2094"]
[PlyCount "96"]
[GameId "2160767909373003"]
[EventDate "2013.03.29"]
[EventType "swiss"]
[EventRounds "6"]
[EventCountry "CAN"]

1. e4 e5 2. Nf3 Nc6 3. Bb5 a6 4. Bxc6 dxc6 5. O-O Bg4 6. h3 h5 7. d3 Bd6 8. Nbd2 Qf6 9. Re1 Ne7 10. Nf1 Bxf3 11. Qxf3 Qxf3 12. gxf3 Ng6 13. Be3 Nh4 14. Nd2 f6 15. Kf1 O-O-O 16. Ke2 b6 17. Rg1 g5 18. a4 Kb7 19. Nc4 c5 20. c3 Be7 21. Rad1 Ng6 22. Rc1 Rd7 23. Rcd1 Rhd8 24. Na3 a5 25. Nc2 h4 26. Rd2 Nf8 27. Rgd1 Ne6 28. Na3 Bf8 29. Rb1 Be7 30. b3 Bf8 31. Nc2 Be7 32. Ne1 Bf8 33. Rbd1 Be7 34. Nc2 Bf8 35. d4 cxd4 36. cxd4 exd4 37. Nxd4 Rxd4 38. Bxd4 Bb4 39. Bxf6 Nf4+ 40. Ke1 Rxd2 41. Rxd2 Nxh3 42. Kd1 Bxd2 43. Kxd2 Kc6 44. Ke3 Kd6 45. Ke2 Ng1+ 46. Ke3 Nh3 47. Bd8 Kd7 48. Bf6 Ke6 1/2-1/2

[Event "Grand Pacific op"]
[Site "Victoria CAN"]
[Date "2013.04.01"]
[Round "6.6"]
[White "Cao, Jason"]
[Black "Murray, Mike"]
[Result "1-0"]
[WhiteElo "2208"]
[BlackElo "1921"]
[PlyCount "87"]
[GameId "2160767909373004"]
[EventDate "2013.03.29"]
[EventType "swiss"]
[EventRounds "6"]
[EventCountry "CAN"]

1. e4 Nc6 2. Nf3 d6 3. d4 Nf6 4. Bd3 Nb4 5. c4 Nxd3+ 6. Qxd3 g6 7. Nc3 Bg7 8. O-O O-O 9. Bf4 Bg4 10. h3 Bxf3 11. Qxf3 Nd7 12. Be3 e5 13. d5 f5 14. Qd1 f4 15. Bd2 f3 16. g3 h5 17. b4 Kh7 18. Be3 Bh6 19. Qd2 Bxe3 20. Qxe3 g5 21. c5 Rf7 22. cxd6 cxd6 23. Nb5 Nf8 24. a4 Ng6 25. Rac1 a6 26. Na3 h4 27. Nc4 g4 28. hxg4 Nf4 29. gxf4 Rxf4 30. Kh2 Qf6 31. Rg1 Rc8 32. Nd2 Rxc1 33. Rxc1 Kg6 34. Rg1 Kg5 35. Qc3 Qf7 36. Qc8 Rf6 37. Rc1 Kf4 38. Rc3 Kg5 39. Rc7 Qg6 40. Qh8 Rf7 41. Rxf7 Qxf7 42. Qh5+ Qxh5 43. gxh5 Kxh5 44. Nxf3 1-0

[Event "Grand Pacific op"]
[Site "Victoria CAN"]
[Date "2013.04.01"]
[Round "6.7"]
[White "Kostadinov, George"]
[Black "Sanetullaev, Alisher"]
[Result "0-1"]
[WhiteElo "2136"]
[BlackElo "2158"]
[PlyCount "110"]
[GameId "2160767909373005"]
[EventDate "2013.03.29"]
[EventType "swiss"]
[EventRounds "6"]
[EventCountry "CAN"]

1. d4 Nf6 2. c4 e6 3. Nf3 Bb4+ 4. Bd2 Be7 5. Nc3 b6 6. e4 Bb7 7. Bd3 d6 8. Qe2 Nbd7 9. O-O e5 10. d5 a5 11. b3 Nc5 12. Bc2 O-O 13. a3 Na6 14. Rab1 Nd7 15. Nd1 Kh8 16. Ne3 g6 17. Ng4 Nf6 18. Nh6 Ng8 19. Qe3 Bc8 20. g4 Nxh6 21. Qxh6 Bxg4 22. Ng5 Bxg5 23. Bxg5 f6 24. Bd2 Nc5 25. f3 Bd7 26. f4 Qe7 27. Rbe1 Rae8 28. Re3 Qg7 29. Qxg7+ Kxg7 30. b4 axb4 31. axb4 Na6 32. Ra3 Bc8 33. h4 exf4 34. Rxf4 Re7 35. Raf3 Nb8 36. h5 Nd7 37. Rf2 g5 38. h6+ Kg8 39. R4f3 Ref7 40. Ra3 Ne5 41. Bd1 Nxc4 42. Ra7 Nxd2 43. Rxd2 c5 44. Rda2 g4 45. Kg2 f5 46. e5 dxe5 47. bxc5 bxc5 48. d6 Be6 49. R2a5 Bd5+ 50. Kg3 Rd8 51. Rxf7 Kxf7 52. Rxc5 Rxd6 53. Rc7+ Kg6 54. Re7 Be6 55. Bc2 Kxh6 0-1

[Event "Grand Pacific op"]
[Site "Victoria CAN"]
[Date "2013.04.01"]
[Round "6.8"]
[White "Moore, Harry"]
[Black "Lai, Peter"]
[Result "0-1"]
[WhiteElo "2245"]
[BlackElo "2029"]
[PlyCount "42"]
[GameId "2160767909373006"]
[EventDate "2013.03.29"]
[EventType "swiss"]
[EventRounds "6"]
[EventCountry "CAN"]

1. e4 e6 2. d4 d5 3. Nd2 Nf6 4. e5 Nfd7 5. f4 c5 6. c3 Nc6 7. Ndf3 Qb6 8. Ne2 cxd4 9. cxd4 Bb4+ 10. Kf2 f6 11. Kg3 O-O 12. h4 fxe5 13. fxe5 Ncxe5 14. dxe5 Nxe5 15. Nxe5 Qf2+ 16. Kh3 Qf5+ 17. Ng4 h5 18. Ng3 Qxg4+ 19. Qxg4 hxg4+ 20. Kxg4 e5+ 21. Kh5 Kf7 0-1

[Event "Grand Pacific op"]
[Site "Victoria CAN"]
[Date "2013.04.01"]
[Round "6.9"]
[White "Daswani, Benedict"]
[Black "Awatramani, Janak"]
[Result "0-1"]
[WhiteElo "1983"]
[BlackElo "2240"]
[PlyCount "78"]
[GameId "2160767909373007"]
[EventDate "2013.03.29"]
[EventType "swiss"]
[EventRounds "6"]
[EventCountry "CAN"]

1. g3 e6 2. d3 Nf6 3. Bg2 d5 4. Nf3 b6 5. c4 Bb7 6. cxd5 exd5 7. a3 c5 8. O-O Be7 9. b4 Nbd7 10. bxc5 bxc5 11. Qb3 Bc6 12. Bf4 O-O 13. Ra2 Rc8 14. Ne5 Nxe5 15. Bxe5 Nd7 16. Bf4 Nb6 17. Nc3 c4 18. Qc2 Qd7 19. dxc4 dxc4 20. Rd1 Qb7 21. Bxc6 Qxc6 22. Qe4 Qxe4 23. Nxe4 Rfd8 24. Rad2 Rxd2 25. Rxd2 f5 26. Bd6 Kf7 27. Bxe7 fxe4 28. Bb4 c3 29. Rc2 Nd5 30. Ba5 Rc5 31. Bb4 Rc6 32. e3 Nxb4 33. axb4 Ke6 34. b5 Rc7 35. f3 Kd5 36. Kf2 Kc4 37. fxe4 Kd3 38. Rc1 Kd2 39. Ra1 Rf7+ 0-1

[Event "Grand Pacific op"]
[Site "Victoria CAN"]
[Date "2013.04.01"]
[Round "6.10"]
[White "Lo, Ryan"]
[Black "North, Robert"]
[Result "0-1"]
[WhiteElo "2196"]
[BlackElo "1938"]
[PlyCount "72"]
[GameId "2160767909373008"]
[EventDate "2013.03.29"]
[EventType "swiss"]
[EventRounds "6"]
[EventCountry "CAN"]

1. d4 Nf6 2. c4 g6 3. d5 c6 4. Nc3 d6 5. e4 Bg7 6. Bd3 Nbd7 7. Nge2 Ne5 8. O-O O-O 9. h3 Qc7 10. Be3 a6 11. Rc1 c5 12. f4 Nxd3 13. Qxd3 Bd7 14. Rb1 b5 15. b4 bxc4 16. Qxc4 Bb5 17. Nxb5 axb5 18. Qc2 c4 19. Nc3 Qd7 20. Rbd1 Ra3 21. Bc1 Rxc3 22. Qxc3 Nxe4 23. Qc2 f5 24. Rfe1 Nc3 25. Rd2 Na4 26. Rde2 Bf6 27. Re6 Qb7 28. Rd1 Nb6 29. g4 fxg4 30. hxg4 Nxd5 31. Kh2 Qd7 32. Rxd5 Qxe6 33. Rxb5 d5 34. Rc5 Bd4 35. Rc7 Qxg4 36. a4 Rxf4 0-1

[Event "Grand Pacific op U1800"]
[Site "Victoria CAN"]
[Date "2013.03.31"]
[Round "5.34"]
[White "Blanchard, Sean"]
[Black "Haines, Duncan"]
[Result "0-1"]
[WhiteElo "1564"]
[BlackElo "1565"]
[PlyCount "88"]
[GameId "2160767909373009"]
[EventDate "2013.03.29"]
[EventType "swiss"]
[EventRounds "6"]
[EventCountry "CAN"]

1. e4 d6 2. d4 Nf6 3. Nc3 g6 4. Nf3 Bg7 5. Bf4 c5 6. dxc5 Qa5 7. Bd2 Qxc5 8. Bb5+ Nc6 9. Qe2 O-O 10. h3 a6 11. Ba4 b5 12. Bb3 Bb7 13. a3 Na5 14. Bd5 Nxd5 15. exd5 Nc4 16. O-O Nxb2 17. Qxe7 Bxd5 18. Nxd5 Qxd5 19. Bb4 Nc4 20. Rad1 Qc6 21. Nd2 Rfe8 22. Qg5 a5 23. Nxc4 axb4 24. Nxd6 Re6 25. Qf4 Rf6 26. Qxb4 Bf8 27. Qxb5 Rxd6 28. Qb3 Rxd1 29. Rxd1 Rxa3 30. Qb1 Rc3 31. Rd2 Rc5 32. Qb3 Rg5 33. g3 Re5 34. f3 Rb5 35. Qd3 Rb1+ 36. Kg2 Qb6 37. Rd1 Rxd1 38. Qxd1 Qe3 39. Qd3 Qxd3 40. cxd3 Bc5 41. f4 Kg7 42. Kf3 Kf6 43. Ke4 Ke6 44. f5+ gxf5+ 0-1

[Event "Grand Pacific op U1800"]
[Site "Victoria CAN"]
[Date "2013.04.01"]
[Round "6.35"]
[White "Cronin, Kent"]
[Black "Blanchard, Sean"]
[Result "0-1"]
[WhiteElo "1732"]
[BlackElo "1564"]
[PlyCount "36"]
[GameId "2160767909373010"]
[EventDate "2013.03.29"]
[EventType "swiss"]
[EventRounds "6"]
[EventCountry "CAN"]

1. e4 c5 2. d4 cxd4 3. Nf3 d6 4. Nxd4 Nf6 5. Nc3 a6 6. Bg5 e6 7. Qd2 Be7 8. f4 Qc7 9. Bd3 Nc6 10. Nxc6 bxc6 11. f5 O-O 12. b3 d5 13. a3 dxe4 14. Bf4 e5 15. Nxe4 exf4 16. O-O Nd5 17. Qe2 Bxf5 18. Bxa6 Bxe4 0-1

[Event "Greater Toronto Chess League Cup"]
[Site "Toronto CAN"]
[Date "2013.04.08"]
[Round "2"]
[White "Cohen, David"]
[Black "Xu, Jeffrey"]
[Result "0-1"]
[WhiteElo "1928"]
[BlackElo "1482"]
[PlyCount "102"]
[GameId "2160767740551357"]
[EventDate "2013.04.08"]
[EventType "team (rapid)"]
[EventRounds "5"]
[EventCountry "CAN"]
[WhiteTeam "Isolated Pawns"]
[BlackTeam "Ruthless Lions"]
[TimeControl "900+5"]

1. d4 e6 2. c4 Nf6 3. Nc3 Bb4 4. e3 O-O 5. Bd3 c5 6. Nf3 d5 7. O-O Qc7 8. cxd5 c4 9. Bc2 exd5 10. a3 Be7 11. e4 Be6 12. e5 Nfd7 13. Ng5 Bxg5 14. Bxg5 f6 15. Qh5 f5 16. f4 Qb6 17. Rad1 Qxb2 18. Rf3 Bf7 19. Qh4 Qxc2 20. Rh3 Bg6 21. e6 Nb6 22. Re1 Nc6 23. e7 Rfe8 24. Nb5 Qb2 25. Nc7 Qxd4+ 26. Kh1 Kf7 27. Ne6 Qd2 28. Rhe3 d4 29. R3e2 Qc3 30. Nxg7 Kxg7 31. Bf6+ Kf7 32. Re3 Qxe3 33. Rxe3 dxe3 34. Bc3 Nd5 35. Ba1 Rxe7 36. Kg1 e2 37. Qe1 c3 38. Kf2 Nd4 39. g3 Re3 40. Bxc3 Rf3+ 41. Kg2 Rxc3 42. Kf2 Rf3+ 43. Kg2 Ne3+ 44. Kh3 Nec2 45. Qa5 e1=Q 46. Qd5+ Qe6 47. Qxb7+ Qe7 48. Qxa8 Ne3 49. Qc8 Bh5 50. Qxf5+ Ndxf5 51. a4 Bg4# 0-1

[Event "Greater Toronto Chess League Cup"]
[Site "Toronto CAN"]
[Date "2013.04.08"]
[Round "3"]
[White "Cohen, David"]
[Black "Zeromskis, Egidijus"]
[Result "0-1"]
[WhiteElo "1928"]
[BlackElo "2035"]
[PlyCount "66"]
[GameId "2160767740551358"]
[EventDate "2013.04.08"]
[EventType "team (rapid)"]
[EventRounds "5"]
[EventCountry "CAN"]
[WhiteTeam "Isolated Pawns"]
[BlackTeam "Aurora"]
[TimeControl "900+5"]

1. d4 Nf6 2. c4 g6 3. Nc3 Bg7 4. e4 d6 5. h3 O-O 6. Nf3 Nbd7 7. Be3 e5 8. d5 Nc5 9. Qc2 Nfd7 10. g4 a5 11. b3 Nb8 12. Be2 f5 13. gxf5 gxf5 14. Bg5 Qe8 15. Rg1 Kh8 16. O-O-O Nba6 17. Rg2 fxe4 18. Nd2 Nb4 19. Qb1 Ncd3+ 20. Bxd3 Nxd3+ 21. Kc2 Rxf2 22. Rxf2 Nxf2 23. Rg1 Nxh3 24. Ncxe4 Nxg1 25. Qxg1 Qg6 26. Kc3 Bf5 27. Qe3 b6 28. Bh4 Rf8 29. Ng5 h6 30. Ne6 Bxe6 31. dxe6 Qxe6 32. Ne4 Qg4 33. Bg3 Rf3 0-1

[Event "Greater Toronto Chess League Cup"]
[Site "Toronto CAN"]
[Date "2013.04.08"]
[Round "4"]
[White "Diemer, Ulli"]
[Black "Cohen, David"]
[Result "0-1"]
[WhiteElo "1504"]
[BlackElo "1928"]
[PlyCount "100"]
[GameId "2160767740551359"]
[EventDate "2013.04.08"]
[EventType "team (rapid)"]
[EventRounds "5"]
[EventCountry "CAN"]
[WhiteTeam "Blackmar Diemers"]
[BlackTeam "Isolated Pawns"]
[TimeControl "900+5"]

1. e4 c5 2. Bc4 e6 3. Nc3 d6 4. Nf3 Nf6 5. d3 Nc6 6. O-O Be7 7. Bf4 O-O 8. a3 a6 9. e5 dxe5 10. Nxe5 Nxe5 11. Bxe5 b5 12. Ba2 Bb7 13. Re1 Qb6 14. Qe2 Rfd8 15. Kh1 Rac8 16. f3 Qc6 17. Ne4 Nxe4 18. fxe4 c4 19. Rad1 Bd6 20. Bxd6 Rxd6 21. d4 h6 22. c3 Rcd8 23. e5 R6d7 24. Bb1 Re8 25. Qc2 f5 26. exf6 gxf6 27. Kg1 Rg7 28. Rd2 Qd5 29. Rf2 Qg5 30. Qe2 f5 31. Bxf5 Kh8 32. Be4 Bc8 33. Ref1 Reg8 34. g3 Bd7 35. Bg2 h5 36. Rf8 h4 37. Rxg8+ Kxg8 38. Qf3 hxg3 39. Qf8+ Kh7 40. h3 Qe3+ 41. Kh1 e5 42. Qf3 Qh6 43. Qe4+ Kh8 44. dxe5 Bxh3 45. Rf8+ Rg8 46. Rxg8+ Kxg8 47. Qd5+ Be6+ 48. Kg1 Bxd5 49. Bxd5+ Kf8 50. e6 Qh2+ 0-1

[Event "Greater Toronto Chess League Cup"]
[Site "Toronto CAN"]
[Date "2013.04.08"]
[Round "5"]
[White "Cohen, David"]
[Black "Nasir, Zehn"]
[Result "0-1"]
[WhiteElo "1928"]
[BlackElo "1741"]
[PlyCount "70"]
[GameId "2160767740551360"]
[EventDate "2013.04.08"]
[EventType "team (rapid)"]
[EventRounds "5"]
[EventCountry "CAN"]
[WhiteTeam "Isolated Pawns"]
[BlackTeam "Annex Juniors"]
[TimeControl "900+5"]

1. d4 Nf6 2. c4 e5 3. dxe5 Ng4 4. Bf4 g5 5. Bg3 Bg7 6. Nf3 Nc6 7. e3 Ngxe5 8. Nxe5 Nxe5 9. Nc3 d6 10. Be2 Be6 11. O-O Qd7 12. Qb3 O-O-O 13. Nb5 a6 14. Nd4 h5 15. Nxe6 Qxe6 16. Rfd1 h4 17. Bxe5 Bxe5 18. Rac1 g4 19. c5 Qxb3 20. axb3 g3 21. cxd6 gxh2+ 22. Kh1 Rxd6 23. f4 Rxd1+ 24. Rxd1 Bxb2 25. Bg4+ Kb8 26. Kxh2 Re8 27. Rd3 Bc1 28. Rd7 Rxe3 29. Bd1 Re1 30. f5 f6 31. Kh3 Bg5 32. Kg4 Re3 33. Kh5 Rg3 34. Bf3 h3 35. Rd2 Bxd2 0-1

[Event "Guelph Fall Pro-Am"]
[Site "Guelph CAN"]
[Date "2013.11.02"]
[Round "3"]
[White "Cheng, Bindi"]
[Black "Sambuev, Bator"]
[Result "0-1"]
[WhiteElo "2535"]
[BlackElo "2672"]
[PlyCount "116"]
[GameId "2160767909224943"]
[EventDate "2013.11.01"]
[EventType "swiss"]
[EventRounds "5"]
[EventCountry "CAN"]

1. Nf3 d5 2. g3 Bg4 3. Bg2 Nd7 4. c4 e6 5. O-O Ngf6 6. d3 dxc4 7. dxc4 c6 8. Nc3 Qc7 9. Be3 Be7 10. Qb3 O-O 11. Rad1 Bf5 12. Nh4 Nc5 13. Bxc5 Bxc5 14. Nxf5 exf5 15. e3 Rfe8 16. Na4 Bf8 17. Qc2 g6 18. a3 h5 19. Rd3 h4 20. Rfd1 hxg3 21. hxg3 Re7 22. Nc5 Rae8 23. b4 Bh6 24. Qd2 Ng4 25. Rd7 Qe5 26. Rxe7 Qxe7 27. Re1 Rd8 28. Qe2 Ne5 29. f4 Ng4 30. Bf3 Bg7 31. Bxg4 fxg4 32. Kf2 a5 33. Rd1 Rxd1 34. Qxd1 axb4 35. axb4 b6 36. Qd7 Qf8 37. Nd3 Qa8 38. Qxg4 Qa2+ 39. Kf3 Qxc4 40. Qd7 Bc3 41. f5 gxf5 42. Qxf5 Kf8 43. Qc8+ Kg7 44. Qf5 Qe6 45. g4 Qxf5+ 46. gxf5 Kf6 47. Kf4 Ke7 48. e4 Kd6 49. e5+ Kd5 50. f6 Ke6 51. Ke4 Bd2 52. Kd4 Kf5 53. b5 cxb5 54. Kd5 Bc3 55. Kc6 b4 56. Kxb6 b3 57. e6 Bd4+ 58. Nc5 Bxc5+ 0-1

[Event "Guelph Winter Pro-Am"]
[Site "Guelph CAN"]
[Date "2013.02.10"]
[Round "5"]
[White "Derraugh, Geordie"]
[Black "Sambuev, Bator"]
[Result "0-1"]
[WhiteElo "2230"]
[BlackElo "2675"]
[PlyCount "96"]
[GameId "2160767909381830"]
[EventDate "2013.02.08"]
[EventType "swiss"]
[EventRounds "5"]
[EventCountry "CAN"]

1. e4 e6 2. d4 d5 3. exd5 exd5 4. Nf3 Nc6 5. Bd3 Bd6 6. O-O Bg4 7. c3 Qd7 8. Nbd2 O-O-O 9. b4 Re8 10. a4 Nge7 11. Qc2 Ng6 12. Re1 Nf4 13. Bf1 Re6 14. b5 Ne7 15. b6 cxb6 16. c4 Rxe1 17. Nxe1 Bc7 18. Nb3 Bf5 19. Qc3 dxc4 20. Bxf4 Nd5 21. Qxc4 Nxf4 22. Nf3 Be6 23. Qc2 Kb8 24. Nbd2 Bd5 25. Rc1 f6 26. Bb5 Qf7 27. Ne4 a6 28. Bf1 Re8 29. Nfd2 Re7 30. Ng3 g6 31. Nc4 Qe6 32. Qd2 h5 33. Ne3 h4 34. Ne2 Qd6 35. Nxf4 Qxf4 36. g3 hxg3 37. hxg3 Qg5 38. Bg2 Bxg2 39. Kxg2 Bxg3 40. fxg3 Rxe3 41. Qf2 Qd5+ 42. Kh2 Qh5+ 43. Kg1 Re2 44. Qf4+ Ka7 45. Kf1 Ra2 46. Qe4 Qh3+ 47. Ke1 Qxg3+ 48. Kd1 Qg1+ 0-1

[Event "Guelph Winter Pro-Am"]
[Site "Guelph CAN"]
[Date "2013.02.10"]
[Round "5"]
[White "Dougherty, Michael"]
[Black "Ferreira, Alex"]
[Result "1-0"]
[WhiteElo "2293"]
[BlackElo "2080"]
[PlyCount "59"]
[GameId "2160767909381831"]
[EventDate "2013.02.08"]
[EventType "swiss"]
[EventRounds "5"]
[EventCountry "CAN"]

1. e4 e5 2. Bc4 Nf6 3. d4 exd4 4. Nf3 Nxe4 5. Qxd4 Nf6 6. Nc3 c6 7. Bg5 d5 8. O-O-O Be7 9. Rhe1 Be6 10. Qh4 Nbd7 11. Bd3 h6 12. Rxe6 fxe6 13. Bg6+ Kf8 14. Qh3 Ne8 15. Be3 Nc7 16. Bf4 e5 17. Bxe5 Nxe5 18. Nxe5 Qd6 19. f4 Bf6 20. Ne4 Qe7 21. Nd7+ Kg8 22. Nexf6+ gxf6 23. Qf5 Qe3+ 24. Kb1 Qe6 25. Bh7+ Kf7 26. Qg6+ Ke7 27. Nc5 Rag8 28. Bxg8 Qxg8 29. Re1+ Kd8 30. Qf5 1-0